000
00305nam a22001217a 4500
082
_a
P-761
100
_a
major Suhail
_9
51278
245
_a
Reinforced cement concrete multi storeyed building design
260
_a
Risalpur,
_b
MCE,
_c
1984.
300
_a
190p.
526
_a
0
_b
0
_c
0
_d
P_761
942
_2
ddc
_c
BK
999
_c
554003
_d
554003